000
00296nam a2200121Ia 4500
008
191201s2019 xx 000 0 und d
100
_a
INCROPERA,Frank.P
245
0
_a
Fundamentals of Heat and Mass Transfer
260
_a
N. Delhi
_b
Wiley
300
_a
840
650
_a
B.Tech(ME)
942
_2
ddc
_c
BK
999
_c
391
_d
391